[Event "1st Gujarat GM Open 2018"]
[Site "Ahmedabad"]
[Date "2018.10.12"]
[Round "10"]
[White "Das Susobhit"]
[Black "Alan Diviya Raj"]
[Result "1-0"]
[WhiteElo "1910"]
[BlackElo "2127"]
[Annotator "TA"]
[PlyCount "119"]
[EventDate "2018.10.05"]
[EventType "swiss"]
[EventCountry "IND"]
[SourceTitle "playchess.com"]
[Source "ChessBase"]
[SourceQuality "1"]

{[%evp 15,118,8,32,-18,-10,-12,-31,-29,14,18,25,29,19,25,47,14,20,36,3,0,0,-31,15,8,14,14,9,11,34,34,34,41,34,34,64,73,77,76,112,110,141,110,140,133,172,165,235,230,431,426,410,410,666,624,681,686,847,839,1171,1120,1169,1154,1379,1239,1429,1396,1535,1404,1730,1617,29976,29977,29980,29981,29981,29982,29982,29983,29983,29984,29985,29986,29986,29987,29987,29988,29988,29989,29989,29990,29991,29991,29993,29994,29994,29995,29995,29992,29996,29991,29992,29993,29993,29994,29999]} 1. d4 Nf6 2. c4 e6 3. Nf3 b6 4. g3 Bb7 5. Bg2 Be7 6. Nc3 O-O 7. O-O d5 8. Ne5 Qc8 9. Bg5 {E18: Queen's Indian: Old Main Line (4 g3 Bb7 5 Bg2 Be7 6 0-0 0-0 7 Nc3)} (9. cxd5 exd5 10. Bg5 Rd8 11. Qb3 Qe6 12. Rac1 Na6 13. f4 c6 14. f5 Qd6 15. e4 h6 16. Bf4 Qb4 17. Qxb4 Bxb4 18. exd5 cxd5 {½-½ (53) Valderrama Quiceno,E (2430)-Ruiz Castillo,J (2378) Bagre 2018}) 9... dxc4 10. Nxc4 Bxg2 11. Kxg2 {Black is slightly better.} Rd8 12. e3 $146 ({Predecessor:} 12. e4 h6 13. Bxf6 Bxf6 14. e5 Be7 15. Qf3 Na6 16. Rfd1 Nb4 {1-0 (43) Kalmuk,K-Rogalski,K (1935) Gora Sw Anny 2009}) 12... c5 {[#] Hoping for ...cxd4.} 13. Qf3 Nbd7 14. Ne5 cxd4 15. exd4 {Strongly threatening Rac1.} Nxe5 16. dxe5 Nd5 $132 {[%mdl 2048] Black puts up resistance} 17. Nxd5 Bxg5 18. Rac1 Qb8 (18... Qd7 $5 {[%cal Rg5c1]} 19. Ne3 Bxe3 20. fxe3 Rac8 $15) 19. Nc7 {[#] Black must now prevent Rc2.} Bxc1 20. Rxc1 Rc8 {aiming for ...a6.} 21. Rc3 h6 (21... g5 {is interesting.} 22. Nxa8 Qxa8 23. Qxa8 Rxa8 24. Rc7 b5) 22. Nxa8 Qxa8 23. Qxa8 Rxa8 $14 {[%mdl 4096] Endgame KR-KR} 24. Rc7 Rd8 25. Rxa7 Rd5 26. Ra6 Rb5 27. b3 Kh7 28. Kf3 Kg6 29. Ke4 Rb4+ 30. Kd3 Kf5 (30... Rb5 {was called for.} 31. f4 h5) 31. Kc3 $18 Rb5 $2 (31... Re4 {is a better defense.} 32. Rxb6 Re2) 32. a4 Rc5+ 33. Kb4 Rxe5 (33... Rc2 $142 34. Rxb6 Rxf2) 34. Rxb6 {Threatens to win with Rb5.} Re2 35. a5 e5 36. Rb7 f6 37. a6 Ra2 38. a7 Ke4 39. Kb5 Kf3 40. Kb6 Kxf2 41. Rb8 e4 42. a8=Q Rxa8 43. Rxa8 {KR-KP. White mates.} e3 44. Re8 e2 45. b4 e1=Q 46. Rxe1 Kxe1 {K3P-K3P} 47. Kc5 Kf2 48. b5 Kg2 49. b6 Kxh2 50. b7 Kxg3 51. b8=Q+ Kg4 52. Kd4 g5 53. Qf8 h5 54. Qxf6 h4 55. Ke3 {[%csl Ge3][%cal Rf6f3]} h3 56. Kf2 Kh4 57. Qe7 Kg4 58. Qe4+ Kh5 59. Kg3 {[%cal Re4h7]} h2 60. Qh7# {Precision: White = 91%, Black = 31%.} 1-0